| 000 | 00000nam 2200000za 4500 |
| 001 | 9.847012 |
| 003 | CaOODSP |
| 005 | 20250410165338 |
| 007 | cr ||||||||||| |
| 008 | 171110s1989 onc |o f|0| 0 eng d |
| 040 | |aCaOODSP|beng |
| 043 | |an-cn--- |
| 086 | 1 |aCS11-0019/25E-PDF |
| 100 | 1 |aBaldwin, John R. |q(John Russel) |
| 245 | 10|aDimensions of labour market change in Canada |h[electronic resource] : |bintersectoral shifts, job and worker turnover / |cby John R. Baldwin and Paul K. Gorecki. |
| 260 | |a[Ottawa] : |bStatistics Canada, |c1989. |
| 300 | |a[58] p. |
| 490 | 0 |aResearch paper series ; |vno. 25 |
| 500 | |aIssued also in French under title: Aspects de l'évolution du marché du travail au Canada : mutations intersectorielles et roulement de la main-d'oeuvre. |
| 500 | |aDigitized edition from print [produced by Statistics Canada]. |
| 504 | |aIncludes bibliographic references. |
| 520 | |a"This paper measures different aspects of labour market change that the Canadian economy has absorbed since 1970. Debates about the economy's ability to adapt to change suffer from a lack of data on the amount of change that has been absorbed in the past."--Abstract. |
| 692 | 07|2gccst|aLabour market |
| 700 | 1 |aGorecki, Paul K., |d1948- |
| 710 | 2 |aStatistics Canada. |bAnalytical Studies Branch. |
| 775 | 08|tAspects de l'évolution du marché du travail au Canada |w(CaOODSP)9.847016 |
| 830 | #0|aResearch paper series (Statistics Canada. Analytical Studies Branch)|vno. 25|w(CaOODSP)9.504421 |
| 856 | 40|qPDF|s6.06 MB|uhttps://publications.gc.ca/collections/collection_2017/statcan/11f0019m/CS11-0019-25-eng.pdf |